Vorera de mar (Record no. 34912)

MARC details
000 -LEADER
campo de control de longitud fija 00516nam a2200169 i 4500
001 - NÚMERO DE CONTROL
campo de control 34912
003 - IDENTIFICADOR DE NÚMERO DE CONTROL
campo de control ES-MaACL
005 - FECHA Y HORA DE LA ÚLTIMA TRANSACCIÓN
campo de control 20250820063024.0
007 - CAMPO FIJO DE DESCRIPCIÓN FÍSICA--INFORMACIÓN GENERAL
campo de control de longitud fija t|
008 - DATOS DE LONGITUD FIJA--INFORMACIÓN GENERAL
campo de control de longitud fija 030211s1952 sp ||||1| cat d
100 1# - ENTRADA PRINCIPAL--NOMBRE DE PERSONA
Nombre de persona Bota Totxo, Miquel,
Fechas asociadas al nombre 1920-2005
9 (RLIN) 152450
245 10 - MENCIÓN DEL TÍTULO
Título Vorera de mar
Resto del título : poesies /
Mención de responsabilidad, etc. Miguel Bota Totxto.
260 ## - PUBLICACIÓN, DISTRIBUCIÓN, ETC.
Lugar de publicación, distribución, etc. [S.l. :
Nombre del editor, distribuidor, etc. s.n.,
Fecha de publicación, distribución, etc. 1952] (
Lugar de fabricación/manufactura Palma de Mallorca :
Fabricante Imp. Mossen Alcover)
300 ## - DESCRIPCIÓN FÍSICA
Extensión 75 p. ;
Dimensiones 16 cm.
852 ## - LOCALIZACIÓN
Ubicación ES-MaACL
Número de control de estantería 1940-F-2
Sublocalización o colección R.32705
Holdings
Estatus retirado Estado de pérdida Estado de daño No para préstamo Colección Biblioteca de origen Biblioteca actual Ubicación en estantería Fecha de adquisición Fuente de adquisición Total de préstamos Signatura topográfica completa Código de barras Visto por última vez Precio de reemplazo Tipo de ítem Koha
        Colección de folletos Biblioteca del Ateneo de Madrid Biblioteca del Ateneo de Madrid Depósito folletos 17/01/2008     1940-F-2 1036464 23/02/2023 23/02/2023 Folleto